000 00641nam a2200193Ii 4500
003 JO-AjNU
008 230605s9999||||xx |||||||||||||| ||und||
040 _aJO-AjNU
_bara
_erda
_cJO-AjNU
041 _aara
050 1 4 _aQH307.2.S2588.
100 3 _aروز، ستيفين,
_eauthor
_938990
245 0 0 _aموسوعة البولوجيا وعلم الحياة والطبيعة البشرية
264 3 1 _aد.م : د.ن ، 1900
300 _a433ص
336 _atext
_btxt
_2rdacontent
337 _aunmediated
_bn
_2rdamedia
338 _avolume
_bnc
_2rdacarrier
650 4 _aالبولوجيا العامة-علم الحياة
_938991
999 _aA16429
_c19997
_d19997